| 000 | 00603nam a2200205 a 4500 | ||
|---|---|---|---|
| 001 | 7751 | ||
| 003 | CO-ViMGA | ||
| 008 | 141112s2004 ck r 000 u spa d | ||
| 020 | _a9589028584 | ||
| 040 |
_aCO-ViMGA _bspa _cCO-ViMGA |
||
| 082 | 0 | 4 | _a986.102 C17d |
| 100 | 1 |
_aCastillo Mathieu, Nicolas del _97244 |
|
| 245 | 1 | 0 | _aDescubrimiento y Conquista de Colombia |
| 260 |
_aBogotá, _cBanco de la republica, _c1988 |
||
| 300 | _a202 p, il, rets, mapas, 20 cm | ||
| 650 | 1 | 4 | _aColombia - Historia |
| 650 | 1 | 4 |
_aConquista - Colombia _97245 |
| 650 | 1 | 4 |
_aDescubrimiento - Colombia _97246 |
| 942 |
_2ddc _cBK |
||
| 999 |
_c19665 _d19665 |
||